[Event "Abe Yanofsky mem."]
[Site "Winnipeg CAN"]
[Date "2008.08.31"]
[Round "5"]
[White "Khedkar, Jay S"]
[Black "Thompson, Brian"]
[Result "1-0"]
[WhiteElo "1914"]
[BlackElo "1873"]
[PlyCount "115"]
[GameId "2160767910328402"]
[EventDate "2008.08.29"]
[EventType "swiss"]
[EventRounds "5"]
[EventCountry "CAN"]
[SourceTitle "EXT 2011"]
[Source "ChessBase"]
[SourceDate "2011.11.26"]
[SourceVersion "1"]
[SourceVersionDate "2011.11.26"]
[SourceQuality "1"]

1. e4 e6 2. d4 d5 3. Nd2 dxe4 4. Nxe4 Be7 5. Nf3 Nf6 6. Bd3 Nbd7 7. O-O Nxe4 8. Bxe4 c5 9. c3 cxd4 10. Nxd4 Nf6 11. Bf3 O-O 12. Qe2 a6 13. Bf4 Bd6 14. Be5 Bxe5 15. Qxe5 Qb6 16. Nb3 Nd7 17. Qd4 Qxd4 18. Nxd4 Ne5 19. Be2 b5 20. f4 Nc4 21. Rf2 Bb7 22. Bxc4 bxc4 23. Re1 Bd5 24. f5 Rfe8 25. Rfe2 Ra7 26. fxe6 Rae7 27. exf7+ Kxf7 28. Rxe7+ Rxe7 29. Rxe7+ Kxe7 30. Kf2 Kf6 31. g3 h6 32. Ke3 Ke5 33. b4 cxb3 34. axb3 a5 35. c4 Bb7 36. Ne2 Be4 37. Nd4 Bb7 38. Kd3 g6 39. Ke3 Kd6 40. Kd3 Kc5 41. Kc3 Bc8 42. Nc2 Be6 43. Ne1 Bd7 44. Nd3+ Kb6 45. Kd4 Bf5 46. Nc5 Bc2 47. Na4+ Kc6 48. Kc3 Bf5 49. b4 axb4+ 50. Kxb4 Be4 51. Kc3 Bf5 52. Kd4 Be6 53. Nc5 Bf5 54. Ne4 Be6 55. c5 Bd5 56. Nd6 Bb3 57. Nc4 Ba4 58. Ne5+ 1-0

[Event "Abe Yanofsky mem."]
[Site "Winnipeg CAN"]
[Date "2008.08.31"]
[Round "5"]
[White "Klokow, John"]
[Black "Rutter, Blair"]
[Result "0-1"]
[WhiteElo "1764"]
[BlackElo "1881"]
[PlyCount "68"]
[GameId "2160767910328403"]
[EventDate "2008.08.29"]
[EventType "swiss"]
[EventRounds "5"]
[EventCountry "CAN"]
[SourceTitle "EXT 2011"]
[Source "ChessBase"]
[SourceDate "2011.11.26"]
[SourceVersion "1"]
[SourceVersionDate "2011.11.26"]
[SourceQuality "1"]

1. e4 e6 2. Qe2 c5 3. g3 Nc6 4. c3 d6 5. Bg2 e5 6. d3 Be7 7. f4 Nf6 8. f5 Bd7 9. Be3 Qb6 10. Na3 Qa6 11. Rd1 Rc8 12. d4 Qxe2+ 13. Kxe2 cxd4 14. cxd4 Ng4 15. Nf3 Nxe3 16. Kxe3 exd4+ 17. Nxd4 Nxd4 18. Rxd4 Bc6 19. Nc4 O-O 20. Nxd6 Rcd8 21. Rhd1 Bf6 22. R4d3 Bxb2 23. Rb1 Be5 24. Nxb7 Rxd3+ 25. Kxd3 Rb8 26. Na5 Rxb1 27. Nxc6 Rb2 28. Bf3 Bc7 29. Nxa7 Rxa2 30. Nb5 Be5 31. Be2 Ra1 32. Bf3 Rb1 33. Nd4 Rb2 34. Ne2 Rb3+ 0-1

[Event "Abe Yanofsky mem."]
[Site "Winnipeg CAN"]
[Date "2008.08.31"]
[Round "5"]
[White "Lipnowski, Samuel"]
[Black "Willis, Bradley"]
[Result "1-0"]
[WhiteElo "2277"]
[BlackElo "2063"]
[PlyCount "83"]
[GameId "2160767910328404"]
[EventDate "2008.08.29"]
[EventType "swiss"]
[EventRounds "5"]
[EventCountry "CAN"]
[SourceTitle "EXT 2011"]
[Source "ChessBase"]
[SourceDate "2011.11.26"]
[SourceVersion "1"]
[SourceVersionDate "2011.11.26"]
[SourceQuality "1"]

1. e4 e5 2. Nf3 Nc6 3. Bb5 a6 4. Ba4 Nf6 5. Bxc6 dxc6 6. d3 Bd6 7. Nbd2 Qe7 8. O-O Bg4 9. h3 Bh5 10. Nc4 Nd7 11. Ne3 f6 12. Nf5 Qf8 13. Ng3 Bf7 14. Be3 g6 15. Nh2 O-O-O 16. Qe2 h5 17. f4 exf4 18. Bxf4 Bc5+ 19. Be3 Bxe3+ 20. Qxe3 Qd6 21. a3 Be6 22. b4 Rhf8 23. Kh1 Ne5 24. Ne2 g5 25. Ng3 g4 26. Nxh5 gxh3 27. gxh3 f5 28. Ng7 f4 29. Rxf4 Ng4 30. hxg4 Qe5 31. Nxe6 Qxa1+ 32. Qg1 Qxg1+ 33. Kxg1 Rxf4 34. Nxf4 a5 35. g5 axb4 36. axb4 Kd7 37. Kg2 Ra8 38. g6 Ke7 39. Ng4 Ra2 40. g7 Rxc2+ 41. Kf3 Kf7 42. Nh5 1-0

[Event "Abe Yanofsky mem."]
[Site "Winnipeg CAN"]
[Date "2008.08.31"]
[Round "5"]
[White "Oberton, Daniel"]
[Black "Baragar, Fletcher"]
[Result "1/2-1/2"]
[WhiteElo "1946"]
[BlackElo "2258"]
[PlyCount "63"]
[GameId "2160767910328405"]
[EventDate "2008.08.29"]
[EventType "swiss"]
[EventRounds "5"]
[EventCountry "CAN"]
[SourceTitle "EXT 2011"]
[Source "ChessBase"]
[SourceDate "2011.11.26"]
[SourceVersion "1"]
[SourceVersionDate "2011.11.26"]
[SourceQuality "1"]

1. e4 c5 2. Nf3 Nc6 3. d4 cxd4 4. Nxd4 Nf6 5. Nc3 d6 6. Be2 e6 7. Be3 Be7 8. g4 a6 9. f4 Qc7 10. Bf3 Na5 11. Qd3 Nc4 12. O-O-O Nxe3 13. Qxe3 O-O 14. Kb1 Nd7 15. g5 Nb6 16. h4 Nc4 17. Qd3 Re8 18. Rhe1 Rb8 19. Nb3 b5 20. Nd2 Nxd2+ 21. Rxd2 b4 22. Ne2 Bb7 23. f5 Bf8 24. f6 d5 25. exd5 Bxd5 26. Bxd5 exd5 27. Red1 Qh2 28. Qg3 Qxg3 29. Nxg3 Re5 30. Rxd5 gxf6 31. gxf6 Re6 32. Nh5 1/2-1/2

[Event "Abe Yanofsky mem."]
[Site "Winnipeg CAN"]
[Date "2008.08.31"]
[Round "5"]
[White "Vincent, Trevor"]
[Black "Liu, Weixi"]
[Result "1-0"]
[WhiteElo "2214"]
[BlackElo "1942"]
[PlyCount "66"]
[GameId "2160767910328406"]
[EventDate "2008.08.29"]
[EventType "swiss"]
[EventRounds "5"]
[EventCountry "CAN"]
[SourceTitle "EXT 2011"]
[Source "ChessBase"]
[SourceDate "2011.11.26"]
[SourceVersion "1"]
[SourceVersionDate "2011.11.26"]
[SourceQuality "1"]

1. c4 c6 2. g3 d5 3. Bg2 Nf6 4. Nf3 e6 5. d4 Be7 6. O-O O-O 7. Nc3 Nbd7 8. b3 Re8 9. Qc2 b6 10. Rd1 Ba6 11. Nd2 Qc7 12. e4 dxe4 13. Ndxe4 Nxe4 14. Nxe4 Nf6 15. Bf4 Qd8 16. Nxf6+ Bxf6 17. Bxc6 Rc8 18. Bxe8 Qxe8 19. Qe4 Qd7 20. Be5 Bb7 21. d5 Bxe5 22. Qxe5 exd5 23. cxd5 h6 24. Rac1 Qg4 25. Rxc8+ Bxc8 26. Re1 Bd7 27. Qe4 Qh5 28. f3 Qg5 29. Re3 Qf6 30. Qe5 Qg6 31. Re4 Kh7 32. Qf4 b5 33. d6 Bc6 1-0

[Event "Ahuntsic op"]
[Site "Montreal CAN"]
[Date "2008.11.29"]
[Round "1"]
[White "Bolduc, Steve"]
[Black "Kieu, Marc-Andre"]
[Result "1-0"]
[WhiteElo "2104"]
[BlackElo "1563"]
[PlyCount "31"]
[GameId "2160767910286022"]
[EventDate "2008.11.29"]
[EventType "swiss (rapid)"]
[EventRounds "5"]
[EventCountry "CAN"]

1. d4 d5 2. c4 c6 3. Nc3 Nf6 4. Nf3 a6 5. g3 b5 6. cxb5 cxb5 7. Bg2 e6 8. O-O Bd6 9. Bg5 Bb7 10. e4 dxe4 11. Ne5 Qc7 12. Rc1 Nc6 13. Nxc6 Bxc6 14. Bxf6 gxf6 15. Nxe4 Rc8 16. Rxc6 1-0

[Event "Ahuntsic op"]
[Site "Montreal CAN"]
[Date "2008.11.29"]
[Round "1"]
[White "Fontaine, Jacques"]
[Black "Barbeau, Sylvain"]
[Result "0-1"]
[WhiteElo "1747"]
[BlackElo "2378"]
[PlyCount "76"]
[GameId "2160767910286023"]
[EventDate "2008.11.29"]
[EventType "swiss (rapid)"]
[EventRounds "5"]
[EventCountry "CAN"]
[SourceTitle "EXT 2011"]
[Source "ChessBase"]
[SourceDate "2011.11.26"]
[SourceVersion "1"]
[SourceVersionDate "2011.11.26"]
[SourceQuality "1"]

1. e4 e5 2. Nf3 Nc6 3. Bb5 a6 4. Ba4 d6 5. h3 Bd7 6. O-O g6 7. d4 Bg7 8. dxe5 dxe5 9. Nc3 h6 10. Be3 Nge7 11. Qe2 O-O 12. Rad1 Qe8 13. Bb3 Na5 14. Nd5 Nxd5 15. exd5 Nxb3 16. axb3 f5 17. Bc5 Rf7 18. Rfe1 e4 19. Nd2 Bxb2 20. c4 Bg7 21. Nf1 Kh7 22. f3 exf3 23. Qxf3 Qh8 24. Qf4 Rc8 25. Ng3 a5 26. Re6 b6 27. Be3 Bxe6 28. dxe6 Re7 29. Rd7 Qe8 30. Nxf5 Rxd7 31. Nxg7 Rxg7 32. Qxh6+ Kg8 33. Bd4 Qe7 34. h4 Rd8 35. Bxg7 Qxg7 36. Qg5 Re8 37. h5 Rxe6 38. Qd5 Qa1+ 0-1

[Event "Ahuntsic op"]
[Site "Montreal CAN"]
[Date "2008.11.29"]
[Round "1"]
[White "Matteau, Francois"]
[Black "Beaupre, Claude"]
[Result "0-1"]
[WhiteElo "1528"]
[BlackElo "1206"]
[PlyCount "126"]
[GameId "2160767910286025"]
[EventDate "2008.11.29"]
[EventType "swiss (rapid)"]
[EventRounds "5"]
[EventCountry "CAN"]

1. Nf3 d5 2. g3 c5 3. Bg2 e6 4. O-O Nf6 5. d3 Be7 6. b3 Bd7 7. Bb2 Bc6 8. Ne5 O-O 9. Nxc6 Nxc6 10. Nd2 Qc7 11. Rc1 Rac8 12. Nf3 Nd7 13. c4 d4 14. e3 e5 15. exd4 exd4 16. Bh3 Rcd8 17. Re1 Rfe8 18. Rc2 Bf6 19. Bc1 Re7 20. Bf4 Rxe1+ 21. Qxe1 Nde5 22. Bg2 Nxf3+ 23. Bxf3 Qd7 24. Re2 Nb4 25. Be4 h6 26. Rb2 Bg5 27. Bxg5 hxg5 28. a3 Nc6 29. b4 f5 30. Bxc6 Qxc6 31. Qe5 Re8 32. Qd5+ Qxd5 33. cxd5 cxb4 34. Rxb4 Re7 35. Rxd4 Rd7 36. Kf1 Kf7 37. Ke2 Ke7 38. h3 Kd6 39. Rb4 Kxd5 40. Rb5+ Ke6 41. Ke3 b6 42. d4 Rd5 43. Rb4 Ra5 44. Rb3 Kd5 45. Rc3 g6 46. f4 g4 47. hxg4 fxg4 48. Rd3 Ra4 49. f5 gxf5 50. Kf4 Rxd4+ 51. Rxd4+ Kxd4 52. Kxf5 b5 53. Kxg4 a5 54. Kf5 b4 55. axb4 axb4 56. g4 b3 57. g5 b2 58. g6 b1=Q+ 59. Kf6 Qb8 60. Kf7 Qc7+ 61. Kg8 Ke5 62. Kh8 Kf6 63. Kg8 Qg7# 0-1

[Event "Ahuntsic op"]
[Site "Montreal CAN"]
[Date "2008.11.29"]
[Round "1"]
[White "O'Connor, Michael"]
[Black "Leutschaft, Martin"]
[Result "0-1"]
[WhiteElo "1680"]
[BlackElo "2169"]
[PlyCount "50"]
[GameId "2160767910286026"]
[EventDate "2008.11.29"]
[EventType "swiss (rapid)"]
[EventRounds "5"]
[EventCountry "CAN"]

1. d4 d5 2. Nf3 Nf6 3. c4 c6 4. Nc3 g6 5. g3 Bg7 6. Bg2 O-O 7. cxd5 cxd5 8. O-O Ne4 9. Qb3 e6 10. Nxe4 dxe4 11. Ng5 Qd5 12. Nxe4 Qxb3 13. axb3 Bxd4 14. Nd6 Nc6 15. Ra4 Be5 16. Nc4 Bc7 17. Ne3 h5 18. g4 hxg4 19. Nxg4 f5 20. Ne3 Bd7 21. Bd2 Be5 22. Nc4 Bf6 23. Nd6 Nd4 24. Rb4 Nxe2+ 25. Kh1 b6 0-1

[Event "Ahuntsic op"]
[Site "Montreal CAN"]
[Date "2008.11.29"]
[Round "2"]
[White "Barbeau, Sylvain"]
[Black "Arseneault, Marc"]
[Result "1-0"]
[WhiteElo "2378"]
[BlackElo "1903"]
[PlyCount "37"]
[GameId "2160767910286028"]
[EventDate "2008.11.29"]
[EventType "swiss (rapid)"]
[EventRounds "5"]
[EventCountry "CAN"]
[SourceTitle "EXT 2011"]
[Source "ChessBase"]
[SourceDate "2011.11.26"]
[SourceVersion "1"]
[SourceVersionDate "2011.11.26"]
[SourceQuality "1"]

1. e4 c5 2. Nf3 Nc6 3. Bb5 a6 4. Bxc6 bxc6 5. d3 d6 6. O-O Nf6 7. e5 dxe5 8. Nxe5 Qd5 9. Re1 Bb7 10. Nc3 Qd8 11. Be3 e6 12. Na4 Qa5 13. b3 Nd5 14. Qf3 Qc7 15. Bxc5 Bxc5 16. Nxc5 O-O 17. Ncd7 Rfd8 18. Qxf7+ Kh8 19. Qxe6 1-0

[Event "Ahuntsic op"]
[Site "Montreal CAN"]
[Date "2008.11.29"]
[Round "2"]
[White "Dumont, Felix"]
[Black "Ramaswamy, Kishor"]
[Result "0-1"]
[WhiteElo "1509"]
[BlackElo "1903"]
[PlyCount "38"]
[GameId "2160767910286029"]
[EventDate "2008.11.29"]
[EventType "swiss (rapid)"]
[EventRounds "5"]
[EventCountry "CAN"]

1. c4 c6 2. d4 d5 3. cxd5 cxd5 4. Nf3 Nf6 5. Nc3 Nc6 6. Bg5 e6 7. e3 Be7 8. Bd3 g6 9. Qa4 Bd7 10. a3 Nb4 11. Qd1 Nxd3+ 12. Qxd3 O-O 13. Ne5 Rc8 14. Nxd7 Qxd7 15. O-O b5 16. Rfc1 Rc6 17. Ne2 Rfc8 18. Rxc6 Qxc6 19. g3 Qc2 0-1

[Event "Ahuntsic op"]
[Site "Montreal CAN"]
[Date "2008.11.29"]
[Round "2"]
[White "Morissette, Jean"]
[Black "Bolduc, Steve"]
[Result "0-1"]
[WhiteElo "1889"]
[BlackElo "2104"]
[PlyCount "36"]
[GameId "2160767910286030"]
[EventDate "2008.11.29"]
[EventType "swiss (rapid)"]
[EventRounds "5"]
[EventCountry "CAN"]

1. d4 Nf6 2. Bg5 Ne4 3. h4 h6 4. Bc1 d5 5. Nd2 Nf6 6. e3 c5 7. Ngf3 Bg4 8. c3 Nc6 9. Qa4 Bd7 10. Qb3 e6 11. Be2 Bd6 12. Qxb7 Rb8 13. Qa6 c4 14. Ne5 Rb6 15. Ndxc4 dxc4 16. Nxc6 Bxc6 17. Qa5 O-O 18. Rh3 Qc8 0-1

[Event "Ahuntsic op"]
[Site "Montreal CAN"]
[Date "2008.11.29"]
[Round "3"]
[White "Bolduc, Steve"]
[Black "Giroux, Robert"]
[Result "1-0"]
[WhiteElo "2104"]
[BlackElo "1775"]
[PlyCount "101"]
[GameId "2160767910286031"]
[EventDate "2008.11.29"]
[EventType "swiss (rapid)"]
[EventRounds "5"]
[EventCountry "CAN"]

1. d4 Nf6 2. c4 e6 3. Nc3 Bb4 4. g3 Ne4 5. Qd3 d5 6. Bg2 Nxc3 7. bxc3 Be7 8. e4 dxc4 9. Qxc4 O-O 10. Ne2 c5 11. dxc5 Qa5 12. Be3 Nd7 13. O-O Bxc5 14. Bxc5 Qxc5 15. Qb3 Nb6 16. a4 e5 17. a5 Be6 18. Qb4 Qxb4 19. cxb4 Nc4 20. Nc3 Nd2 21. Rfd1 Nb3 22. Rab1 Nd4 23. f4 Bg4 24. Rd2 f6 25. Kf2 Rac8 26. Nd5 Rfe8 27. h3 Be6 28. Bf1 Bxd5 29. exd5 Rc3 30. Bg2 Rd8 31. Rbb2 Rd6 32. Be4 g6 33. Rd3 Rxd3 34. Bxd3 Kg7 35. Be4 a6 36. Rb1 b6 37. Rc1 bxa5 38. bxa5 Rd7 39. fxe5 fxe5 40. Rb1 Nb5 41. Rc1 Nd4 42. Rc8 Rd6 43. Ke3 Nf5+ 44. Kd3 Nd4 45. Rb8 Kf6 46. Kc4 Nb5 47. Kc5 Rd7 48. Rb6+ Ke7 49. Rxa6 Nc7 50. d6+ Ke6 51. dxc7+ 1-0

[Event "Ahuntsic op"]
[Site "Montreal CAN"]
[Date "2008.11.29"]
[Round "3"]
[White "Ramaswamy, Kishor"]
[Black "Barbeau, Sylvain"]
[Result "0-1"]
[WhiteElo "1996"]
[BlackElo "2378"]
[PlyCount "68"]
[GameId "2160767910286033"]
[EventDate "2008.11.29"]
[EventType "swiss (rapid)"]
[EventRounds "5"]
[EventCountry "CAN"]
[SourceTitle "EXT 2011"]
[Source "ChessBase"]
[SourceDate "2011.11.26"]
[SourceVersion "1"]
[SourceVersionDate "2011.11.26"]
[SourceQuality "1"]

1. d4 d6 2. Nf3 f5 3. Nc3 Nf6 4. Bg5 Nbd7 5. e3 h6 6. Bh4 g5 7. Bg3 Bg7 8. h4 g4 9. Nd2 O-O 10. Bd3 Nh5 11. Bh2 e5 12. dxe5 Nxe5 13. Bxe5 Bxe5 14. Qe2 Bxc3 15. bxc3 Qf6 16. Bc4+ Kh8 17. Qd3 Bd7 18. O-O-O b5 19. Bxb5 Bxb5 20. Qxb5 Qxc3 21. Qb2 Qf6 22. g3 Rab8 23. Qxf6+ Nxf6 24. Rhe1 Rb4 25. a3 Ra4 26. Kb2 Rb8+ 27. Ka2 Nd5 28. Nb1 Ra5 29. c3 Nf6 30. Rd4 Ne4 31. Rb4 Rab5 32. Re2 a5 33. Rxb5 Rxb5 34. c4 Rxb1 0-1

[Event "Ahuntsic op"]
[Site "Montreal CAN"]
[Date "2008.11.29"]
[Round "4"]
[White "Barbeau, Sylvain"]
[Black "Bolduc, Steve"]
[Result "1/2-1/2"]
[WhiteElo "2378"]
[BlackElo "2312"]
[PlyCount "88"]
[GameId "2160767910286034"]
[EventDate "2008.11.29"]
[EventType "swiss (rapid)"]
[EventRounds "5"]
[EventCountry "CAN"]
[SourceTitle "EXT 2011"]
[Source "ChessBase"]
[SourceDate "2011.11.26"]
[SourceVersion "1"]
[SourceVersionDate "2011.11.26"]
[SourceQuality "1"]

1. e4 c6 2. d4 d5 3. Nc3 dxe4 4. Nxe4 Bf5 5. Ng3 Bg6 6. N1e2 e6 7. Nf4 Bd6 8. Nxg6 hxg6 9. Qf3 Nf6 10. Bd3 Nbd7 11. Bd2 Qc7 12. O-O-O c5 13. dxc5 Nxc5 14. Bc3 O-O-O 15. Kb1 Na4 16. Bxf6 gxf6 17. Bb5 Nc5 18. Bc4 Be5 19. Bb3 Qb6 20. h3 a5 21. Ne4 Nxe4 22. Qxe4 Qxf2 23. Rhf1 Kb8 24. c3 Qc5 25. Rxd8+ Rxd8 26. Rd1 Rxd1+ 27. Bxd1 f5 28. Qd3 Ka7 29. Bf3 Qb6 30. Kc2 Bd6 31. a4 e5 32. Bd5 e4 33. Qb5 Qc7 34. Qe8 e3 35. Qxe3+ Bc5 36. Qe8 f6 37. Qxg6 Qe5 38. Qf7 Qe2+ 39. Kb3 Be7 40. Qe6 Qd1+ 41. Ka2 Qxa4+ 42. Kb1 Qd1+ 43. Ka2 Qa4+ 44. Kb1 Qd1+ 1/2-1/2

[Event "Ahuntsic op"]
[Site "Montreal CAN"]
[Date "2008.11.29"]
[Round "5"]
[White "Voskanyan, Vahagn"]
[Black "Barbeau, Sylvain"]
[Result "1-0"]
[WhiteElo "2240"]
[BlackElo "2378"]
[PlyCount "86"]
[GameId "2160767910286037"]
[EventDate "2008.11.29"]
[EventType "swiss (rapid)"]
[EventRounds "5"]
[EventCountry "CAN"]
[SourceTitle "EXT 2011"]
[Source "ChessBase"]
[SourceDate "2011.11.26"]
[SourceVersion "1"]
[SourceVersionDate "2011.11.26"]
[SourceQuality "1"]

1. Nf3 Nf6 2. c4 c5 3. Nc3 e6 4. g3 b6 5. Bg2 Bb7 6. O-O Be7 7. d4 cxd4 8. Qxd4 d6 9. b3 a6 10. Ba3 O-O 11. Rad1 Nc6 12. Qd2 d5 13. Bxe7 Nxe7 14. cxd5 Nexd5 15. Qb2 Qe7 16. Ne5 Rac8 17. Nxd5 Bxd5 18. Bxd5 Nxd5 19. Rc1 b5 20. Rxc8 Rxc8 21. Rc1 Rc7 22. a3 Qd6 23. Nd3 f6 24. b4 Nb6 25. Rxc7 Qxc7 26. Nc5 Nc4 27. Qd4 Qc6 28. a4 Kf7 29. a5 Nd6 30. Qh4 h6 31. Qh5+ Ke7 32. Qg4 Ne8 33. h4 Qd6 34. Qe4 Nc7 35. Qb7 Kd8 36. Qb8+ Ke7 37. Qa7 Ke8 38. Qb6 Ke7 39. Qb8 Kf7 40. Qb7 Kg6 41. Qe4+ f5 42. Qb7 Qd1+ 43. Kg2 Qd5+ 1-0

[Event "Albert Boxer Classic op"]
[Site "Winnipeg CAN"]
[Date "2008.05.23"]
[Round "1"]
[White "Boron, Anthony"]
[Black "Raihman, Daniel"]
[Result "1/2-1/2"]
[WhiteElo "1998"]
[BlackElo "1725"]
[PlyCount "53"]
[GameId "2160767910354525"]
[EventDate "2008.05.23"]
[EventType "swiss"]
[EventRounds "5"]
[EventCountry "CAN"]
[SourceTitle "EXT 2011"]
[Source "ChessBase"]
[SourceDate "2011.11.26"]
[SourceVersion "1"]
[SourceVersionDate "2011.11.26"]
[SourceQuality "1"]

1. Nf3 d5 2. b3 Nf6 3. Bb2 b6 4. e3 e6 5. d4 Be7 6. Nbd2 Bb7 7. Bd3 O-O 8. O-O Nbd7 9. Qe2 c5 10. c3 Qc7 11. Rac1 Bd6 12. Bb1 Rac8 13. h3 Rfe8 14. Rfe1 e5 15. dxe5 Nxe5 16. Nxe5 Bxe5 17. Nf3 Bd6 18. Qd1 Qd7 19. c4 Qe7 20. Bxf6 Qxf6 21. cxd5 Rcd8 22. e4 Bf4 23. Rc2 Qg6 24. Rce2 Ba6 25. Rb2 Qf6 26. Qc2 g6 27. Rd1 1/2-1/2

[Event "Albert Boxer Classic op"]
[Site "Winnipeg CAN"]
[Date "2008.05.23"]
[Round "1"]
[White "Gannon, Keith"]
[Black "Tang, Edward"]
[Result "0-1"]
[WhiteElo "1685"]
[BlackElo "1967"]
[PlyCount "62"]
[GameId "2160767910354526"]
[EventDate "2008.05.23"]
[EventType "swiss"]
[EventRounds "5"]
[EventCountry "CAN"]
[SourceTitle "EXT 2011"]
[Source "ChessBase"]
[SourceDate "2011.11.26"]
[SourceVersion "1"]
[SourceVersionDate "2011.11.26"]
[SourceQuality "1"]

1. d4 Nf6 2. c4 e6 3. Nc3 d5 4. e3 c5 5. dxc5 Bxc5 6. cxd5 exd5 7. Bb5+ Nc6 8. Nf3 O-O 9. O-O Bg4 10. Be2 a6 11. a3 Qd6 12. Nd2 Ne5 13. b4 Ba7 14. Nf3 Bb8 15. g3 Bh3 16. Re1 Ba7 17. Nxe5 Qxe5 18. Qb3 d4 19. exd4 Bxd4 20. Bb2 Bxf2+ 21. Kxf2 Qd4+ 22. Kf3 g5 23. Bc4 g4+ 24. Ke2 Rae8+ 25. Be6 Rxe6+ 26. Qxe6 fxe6 27. Rad1 Qc4+ 28. Kd2 Rd8+ 29. Kc1 Rxd1+ 30. Rxd1 Nd5 31. Kc2 Ne3+ 0-1

[Event "Albert Boxer Classic op"]
[Site "Winnipeg CAN"]
[Date "2008.05.23"]
[Round "1"]
[White "Liu, Weixi"]
[Black "Goodman, Clifford"]
[Result "1-0"]
[WhiteElo "1942"]
[BlackElo "1595"]
[PlyCount "41"]
[GameId "2160767910354527"]
[EventDate "2008.05.23"]
[EventType "swiss"]
[EventRounds "5"]
[EventCountry "CAN"]
[SourceTitle "EXT 2011"]
[Source "ChessBase"]
[SourceDate "2011.11.26"]
[SourceVersion "1"]
[SourceVersionDate "2011.11.26"]
[SourceQuality "1"]

1. d4 Nf6 2. c4 e6 3. Nf3 b6 4. a3 Bb7 5. Nc3 d5 6. Bf4 Bd6 7. Bxd6 Qxd6 8. cxd5 exd5 9. e3 c6 10. Bd3 Ba6 11. O-O Bxd3 12. Qxd3 Nbd7 13. b4 O-O 14. Rfd1 Qe7 15. Rac1 Ne4 16. b5 c5 17. Nxd5 Qe6 18. Nc7 Qg6 19. Nxa8 Rxa8 20. dxc5 Ndxc5 21. Qd8+ 1-0

[Event "Albert Boxer Classic op"]
[Site "Winnipeg CAN"]
[Date "2008.05.23"]
[Round "1"]
[White "Oberton, Daniel"]
[Black "Letain, Cory"]
[Result "1/2-1/2"]
[WhiteElo "1919"]
[BlackElo "1456"]
[PlyCount "110"]
[GameId "2160767910354528"]
[EventDate "2008.05.23"]
[EventType "swiss"]
[EventRounds "5"]
[EventCountry "CAN"]
[SourceTitle "EXT 2011"]
[Source "ChessBase"]
[SourceDate "2011.11.26"]
[SourceVersion "1"]
[SourceVersionDate "2011.11.26"]
[SourceQuality "1"]

1. e4 e5 2. f4 exf4 3. Nf3 Nc6 4. d4 d5 5. e5 Be6 6. Bxf4 Nge7 7. Bd3 Nf5 8. c3 Be7 9. O-O Nh4 10. Nbd2 g5 11. Be3 g4 12. Nxh4 Bxh4 13. Bf5 Bg5 14. Qe2 h5 15. Nb3 Bxe3+ 16. Qxe3 b6 17. Bxe6 fxe6 18. Rf6 Qe7 19. Raf1 O-O-O 20. Rf7 Qe8 21. Qd3 Ne7 22. Qa6+ Kb8 23. a4 Nf5 24. Rf6 h4 25. a5 g3 26. h3 Rf8 27. axb6 axb6 28. Ra1 Qc6 29. Rxe6 Qb7 30. Qxb7+ Kxb7 31. Rf1 Ne3 32. Rxf8 Rxf8 33. Rf6 Re8 34. Nd2 Ra8 35. Rf3 Ra1+ 36. Nf1 Nc4 37. Rf4 Nd2 38. Rf8 Kc6 39. Rf7 Re1 40. Rf5 Kb5 41. e6 Nxf1 42. Rxf1 Rxe6 43. b3 Re3 44. Rc1 c5 45. dxc5 bxc5 46. Kf1 d4 47. cxd4 cxd4 48. Rd1 d3 49. Re1 d2 50. Rd1 Kb4 51. Rxd2 Re4 52. Rd3 Ka3 53. Rc3 Rf4+ 54. Kg1 Rb4 55. Kf1 Rf4+ 1/2-1/2

[Event "Albert Boxer Classic op"]
[Site "Winnipeg CAN"]
[Date "2008.05.23"]
[Round "1"]
[White "Rutter, Blair"]
[Black "Lipnowski, Samuel"]
[Result "0-1"]
[WhiteElo "1873"]
[BlackElo "2282"]
[PlyCount "106"]
[GameId "2160767910354529"]
[EventDate "2008.05.23"]
[EventType "swiss"]
[EventRounds "5"]
[EventCountry "CAN"]
[SourceTitle "EXT 2011"]
[Source "ChessBase"]
[SourceDate "2011.11.26"]
[SourceVersion "1"]
[SourceVersionDate "2011.11.26"]
[SourceQuality "1"]

1. c4 c6 2. g3 d5 3. Bg2 dxc4 4. Nc3 Nf6 5. Qa4 Be6 6. Nh3 Bxh3 7. Bxh3 b5 8. Nxb5 cxb5 9. Qxb5+ Nbd7 10. Qxc4 e6 11. O-O Be7 12. d3 O-O 13. Bd2 Qb6 14. b3 Rac8 15. Qf4 Rc2 16. Be3 Bc5 17. d4 Bd6 18. Qf3 Qc6 19. Bg2 Qxf3 20. Bxf3 Rd8 21. Rfd1 Nb6 22. Bg5 Nfd5 23. e4 Nc3 24. Re1 h6 25. Be3 Ba3 26. Bd1 Rxa2 27. Bg4 Rxa1 28. Rxa1 Bb2 29. Rxa7 Nxe4 30. Ra6 Rb8 31. Bf4 Rb7 32. Bf3 f5 33. Be5 Kf7 34. g4 g5 35. gxf5 exf5 36. Be2 Nc3 37. Bf3 Ncd5 38. Kf1 Rd7 39. Ke2 Bc3 40. Kd3 Nb4+ 41. Kxc3 Nxa6 42. Be2 Nc7 43. Kb4 Ne6 44. Kb5 Nxd4+ 45. Bxd4 Rxd4 46. Kxb6 Rd2 47. Bc4+ Ke7 48. Kc6 Rxf2 49. b4 Rxh2 50. b5 Rc2 51. Kc5 Kd7 52. b6 Rxc4+ 53. Kxc4 Kc6 0-1

[Event "Albert Boxer Classic op"]
[Site "Winnipeg CAN"]
[Date "2008.05.23"]
[Round "1"]
[White "Silva, T Romero"]
[Black "Kaptsan, Aron"]
[Result "0-1"]
[WhiteElo "1815"]
[BlackElo "2005"]
[PlyCount "110"]
[GameId "2160767910354530"]
[EventDate "2008.05.23"]
[EventType "swiss"]
[EventRounds "5"]
[EventCountry "CAN"]
[SourceTitle "EXT 2011"]
[Source "ChessBase"]
[SourceDate "2011.11.26"]
[SourceVersion "1"]
[SourceVersionDate "2011.11.26"]
[SourceQuality "1"]

1. d4 Nf6 2. c4 e6 3. Nf3 c5 4. d5 b5 5. b3 bxc4 6. bxc4 exd5 7. cxd5 d6 8. Nc3 Be7 9. e4 O-O 10. Be2 Nbd7 11. O-O Ng4 12. Bb2 Qb6 13. Rb1 Ba6 14. Nd2 Nge5 15. Na4 Qa5 16. Re1 Bxe2 17. Rxe2 Qa6 18. Re3 Nc4 19. Nxc4 Qxc4 20. Bxg7 Kxg7 21. Qg4+ Kh8 22. Qxd7 Bg5 23. Rh3 Qxe4 24. Nc3 Qe5 25. Rf1 Qe7 26. Qg4 f5 27. Qh5 Bf4 28. Ne2 Be5 29. f4 Bd4+ 30. Kh1 Qf7 31. Qh6 Rad8 32. Ng3 Qg7 33. Qh5 Qf7 34. Qf3 Rde8 35. Rh5 Re3 36. Qd1 Qxd5 37. Rxh7+ Kxh7 38. Qh5+ Kg8 39. Qg5+ Bg7 40. Nh5 Rf7 41. Qd8+ Kh7 42. Qh4 Bh6 43. h3 Re2 44. Kg1 Qe6 45. Kh2 d5 46. Rb1 Rxg2+ 47. Kxg2 Qe4+ 48. Kf2 Qxb1 49. Nf6+ Kg6 50. Ng8 Qxa2+ 51. Kf1 Qb1+ 52. Ke2 Qc2+ 53. Ke1 Qe4+ 54. Kd1 Qxf4 55. Qe1 Qc1+ 0-1